• 首页
  • 本馆介绍
  • 公告通知
  • 最新文献
  • 馆藏检索
  • 电子资源
  • 读者导购
  • 参考咨询
  • 我的图书馆
  • 登录
  • 详细信息显示
  • 放入我的书架
  • 预约/预借图书
  • 作者相关作品
  • 分类相关作品
  • 丛书相关作品
  • 出版社相关作品

书目信息

  • 表格格式
  • 工作单格式
  • 卡片格式
题名:
成本会计学(第二版)习题集
    
 
作者: 辛旭 主编
分册:  
出版信息: 北京   中国人民大学出版社  2007
页数: 105页
开本: 23cm
丛书名:
单 册:
中图分类: F234.2-44
科图分类:
主题词: 成本会计--高等教育--习题 , 成本会计
电子资源:
ISBN: 978-7-300-05613-5
000 00872nam0 2200253 450
001 002710967
005 20070807145151.79
010    @a978-7-300-05613-5@d附赠品
100    @a20040830d2007 em y0chiy0110 ea
101 0  @achi
102    @aCN@b110000
105    @ay z 000yy
106    @ar
200 1  @a成本会计学(第二版)习题集@Acheng ben kuai ji xue ( di er ban ) xi ti ji@f辛旭主编@Fxin xu zhu bian
210    @a北京@c中国人民大学出版社@d2007
215    @a105页@d23cm
300    @a21世纪高等继续教育精品教材
330    @a本书全面介绍了成本核算原理、生产费用的归集与分配、产品成本计算的基本方法、产品成本计算的辅助方法、成本计划与成本控制、成本报表的编制与成本分析等内容。
606 0  @a成本会计@x高等教育@x习题
606 0  @a成本会计
690    @aF234.2-44@v4
701  0 @a辛旭@Axin xu@c(会计学)@4主编
801  0 @aCN@bNLC@c20070807
905    @dF234.2@e329@f4
    
    成本会计学(第二版)习题集/辛旭主编.-北京:中国人民大学出版社,2007
    105页;23cm
    21世纪高等继续教育精品教材
    
    ISBN 978-7-300-05613-5:附赠品
    本书全面介绍了成本核算原理、生产费用的归集与分配、产品成本计算的基本方法、产品成本计算的辅助方法、成本计划与成本控制、成本报表的编制与成本分析等内容。
●
相关链接 在E读中查询图书 在五车中查询图书 在当当中查询图书 在豆瓣中查询图书


正题名:成本会计学(第二版)习题集     索取号:F234.2/329         预约/预借

序号 登录号 条形码 馆藏地/架位号 状态 备注
1 0853421   208534219   第一样本阅览室/ [索取号:F234.2/329] 在馆    
2 0853422   208534228   第一借阅区/ [索取号:F234.2/329] 在馆    
3 0853423   208534237   第一借阅区/ [索取号:F234.2/329] 在馆    
4 0853424   208534246   第一借阅区/ [索取号:F234.2/329] 在馆    
唐山师范学院图书馆 欢迎您!
大连网信软件有限公司© 版权所有